| 000 | 00887nam a22002897a 4500 | ||
|---|---|---|---|
| 001 | 10160 | ||
| 003 | FISKH | ||
| 005 | 20260429090544.0 | ||
| 008 | 260428b cb ||||| |||| 00| 0 eng d | ||
| 020 | _a9780462004938 | ||
| 040 |
_aFISKH _beng _cFISKH _dFISKH |
||
| 050 | _aPZ7 | ||
| 082 | _a599.8 | ||
| 100 |
_aLing, Judy _eAuthor |
||
| 245 |
_aThe indoor playhouse / _cWritten by Judy Ling ; photographed by Drew Cruz |
||
| 260 |
_aSingapore : _bMarshall Cavendish International , _c2008 |
||
| 300 |
_a16 pages : _bphotographs ; _c16 x 19 cm |
||
| 490 |
_aMy pals are here! Reading stars : _v8e |
||
| 505 | _aJ | ||
| 520 | _aA tutorial of making indoor playhouse from cardboard box. | ||
| 521 | 8 |
_a500
_bLexile estimate |
|
| 521 | 8 |
_aJ
_bRaz-Plus |
|
| 650 |
_aProcedure _vPlayhouse |
||
| 700 |
_aCruz, Drew _ePhotographer |
||
| 942 |
_2ddc _cBK _n0 |
||
| 999 |
_c10160 _d10160 |
||